000 00368pab a2200145 454500
008 180718b1997 xxu||||| |||| 00| 0 eng d
100 _aGill, Richard T.
245 _aEquality, growth, and the myopic society
260 _c1997
300 _ap.110-17
362 _aSummer
650 _aEconomic and social development
773 _aPublic Interest
909 _a34688
999 _c34688
_d34688